|
|
|
|
| LEADER |
01657nab#a2200517#ar4500 |
| 001 |
000124639 |
| 003 |
SVKKK |
| 005 |
20190109101923.0 |
| 008 |
181205c2013 xo |||||||||||||||b|eng |
| FMT |
|
|
|
| 015 |
|
|
|a SNBRB2018/12
|
| 038 |
|
|
|a SVKKK
|
| 040 |
|
|
|a SVKKK
|b slo
|e AACR2
|
| 041 |
0 |
|
|b eng
|
| 044 |
|
|
|a xo
|c SK
|
| 080 |
|
|
|a 621.318.1
|x (048.3)
|2 2011
|
| 080 |
|
|
|a 669.055
|x (537.622)
|2 2011
|
| 080 |
|
|
|2 2011
|a 621.785.6
|
| 090 |
|
|
|a III.228989
|
| 242 |
1 |
0 |
|a Štruktúrna a magnetická charakterizácia polovičnej heuslerovej zliatiny NiMnSb pripravená rýchlym kalením
|y slo
|
| 245 |
0 |
0 |
|a Structural and magnetic characterization of NiMnSb half-heusler alloy prepared by rapid quenching
|c T. Ryba ... [et al.]
|
| 504 |
|
|
|a Bibliogr. odkazy
|
| 546 |
|
|
|a Res. angl.
|
| 611 |
2 |
4 |
|a Czech and Slovak Conference on Magnetism CSMAG´13
|g vedecká konferencia
|n (15. :
|d 17.-21.7.2013 :
|c Košice, Slovensko)
|
| 650 |
0 |
4 |
|a heuslerova zliatiny NiMnSb
|x štrukturálne vlastnosti
|x magnetické vlastnosti
|
| 650 |
0 |
4 |
|a kalenie
|
| 650 |
0 |
4 |
|a abstrakty
|
| 700 |
1 |
|
|a Ryba, T.
|4 aut
|
| 700 |
1 |
|
|a Vargová, Z.
|4 aut
|
| 700 |
1 |
|
|a Varga, R.
|4 aut
|
| 700 |
1 |
|
|a Ilkovic, S.
|4 aut
|
| 700 |
1 |
|
|a Reiffers, M.
|4 aut
|
| 700 |
1 |
|
|a Haskova, V.
|4 aut
|
| 700 |
1 |
|
|a Szabo, P.
|4 aut
|
| 700 |
1 |
|
|a Kravčák, J.
|4 aut
|
| 700 |
1 |
|
|a Gyepes, R.
|4 aut
|
| 773 |
0 |
|
|t 15 th Czech and Slovak Conference on Magnetism CSMAG´13
|d Košice : Pavol Jozef Šafárik University in Košice
|g S. 176
|x 9788081520150
|
| 958 |
|
|
|a NB
|
| 974 |
|
|
|a DZA
|
| 992 |
|
|
|a RZB
|
| BAS |
|
|
|
| BAS |
|
|
|
| 852 |
|
|
|a SVKKK
|b BIB
|
| EXP |
|
|
|
| 998 |
|
|
|a REG
|
| 998 |
|
|
|a REG
|